Statistiques concernant Culture Générale - Série 1172

Cliquez ici pour prendre le quiz!

Statistiques générales

  • Ce quiz a été pris 69 fois
  • Le résultat moyen est 4 sur 10

Statistiques - réponses

QuestionRéponse% Correct
Quel nom donne-t-on à la substance toxique, injectée par les crochets de la vipère lors d'une morsure ?venin
89%
Dans le conte de Charles Perrault "Le Petit Poucet", combien l'ogre a-t-il de filles ?7
86%
Quel golfe est relié à la mer des Antilles, par le détroit du Yucatán ?golfe du Mexique
58%
Quel poème d'Arthur Rimbaud débute ainsi : "C'est un trou de verdure où chante une rivière" ?Le Dormeur du Val
48%
A la télévision, dans "Les Rues" de quelle ville Michael Douglas traque-t-il les criminels, en 1972 ?San Francisco
42%
Comment appelle-t-on un poème où les initiales de chaque vers, lues dans le sens vertical, composent un mot ?acrostiche
20%
Comment s'appelle le fils de Pif le chien ?Pifou
16%
Comment se nomme la poche ventrale d'une femelle kangourou ?marsupium
8%
A quel cinéaste américain doit-on les films : "Tootsie", "La Firme" et "L'Interprète" ?Sydney Pollack
8%
Quelle communauté autonome d'Espagne a pour capitale Mérida ?Estrémadure
0%

Distribution des résultats

Percentile par nombre de réponses

% des personnes avec chaque résultat

Votre développement - résultats

Vous n’avez pas pris ce quiz